Verity / (Record no. 4420)
| 000 -LEADER | |
|---|---|
| fixed length control field | 01992cam a2200325 i 4500 |
| 001 - CONTROL NUMBER | |
| control field | 22857389 |
| 003 - CONTROL NUMBER IDENTIFIER | |
| control field | OSt |
| 005 - DATE AND TIME OF LATEST TRANSACTION | |
| control field | 20251106110522.0 |
| 008 - FIXED-LENGTH DATA ELEMENTS--GENERAL INFORMATION | |
| fixed length control field | 221108s2021 nyu 000 1 eng |
| 010 ## - LIBRARY OF CONGRESS CONTROL NUMBER | |
| LC control number | 2022417109 |
| 020 ## - INTERNATIONAL STANDARD BOOK NUMBER | |
| International Standard Book Number | 9781538739723 |
| Qualifying information | (hardcover) |
| 020 ## - INTERNATIONAL STANDARD BOOK NUMBER | |
| Cancelled/invalid ISBN | 9781538724743 |
| Qualifying information | (ebook) |
| 035 ## - SYSTEM CONTROL NUMBER | |
| System control number | 22857389 |
| 040 ## - CATALOGING SOURCE | |
| Original cataloging agency | DLC |
| Language of cataloging | eng |
| Description conventions | rda |
| Transcribing agency | DLC |
| Modifying agency | DLC |
| 042 ## - AUTHENTICATION CODE | |
| Authentication code | pcc |
| 050 00 - LIBRARY OF CONGRESS CALL NUMBER | |
| Classification number | PS3608.V47 2022 |
| 082 04 - DEWEY DECIMAL CLASSIFICATION NUMBER | |
| Classification number | 813/.6 |
| Edition number | 23 |
| 100 1# - MAIN ENTRY--PERSONAL NAME | |
| Personal name | Hoover, Colleen, |
| Relator term | author. |
| 245 10 - TITLE STATEMENT | |
| Title | Verity / |
| Statement of responsibility, etc | Colleen Hoover. |
| 250 ## - EDITION STATEMENT | |
| Edition statement | Hardcover collector's edition. |
| 300 ## - PHYSICAL DESCRIPTION | |
| Extent | 353 pages ; |
| Dimensions | 24 cm |
| 500 ## - GENERAL NOTE | |
| General note | "Originally published in ebook and print by Colleen Hoover"--Copyright page. |
| 520 ## - SUMMARY, ETC. | |
| Summary, etc | Lowen Ashleigh is a struggling writer on the brink of financial ruin when she accepts the job offer of a lifetime. Jeremy Crawford, husband of bestselling author Verity Crawford, has hired Lowen to complete the remaining books in a successful series his injured wife is unable to finish. Lowen arrives at the Crawford home to sort through years of Verity's notes and outlines, hoping to find enough material to get started. Lowen uncovers an unfinished autobiography Verity never intended anyone to read, with pages of bone-chilling admissions, including Verity's recollection of the night their family was forever altered. Lowen decides to keep the manuscript hidden from Jeremy, knowing its contents would devastate him. But as Lowen's feelings for Jeremy begin to intensify, she recognizes all the ways she could benefit, if he were to read his wife's words. After all, no matter how devoted Jeremy is to his injured wife, a truth this horrifying would make it impossible for him to continue to love her. |
| 655 #7 - INDEX TERM--GENRE/FORM | |
| Genre/form data or focus term | Thrillers (Fiction) |
| Source of term | lcgft |
| 655 #7 - INDEX TERM--GENRE/FORM | |
| Genre/form data or focus term | Romance fiction |
| Source of term | lcgft |
| 655 #7 - INDEX TERM--GENRE/FORM | |
| Genre/form data or focus term | Novels. |
| Source of term | lcgft |
| 906 ## - LOCAL DATA ELEMENT F, LDF (RLIN) | |
| a | 7 |
| b | cbc |
| c | orignew |
| d | 2 |
| e | epcn |
| f | 20 |
| g | y-gencatlg |
| 942 ## - ADDED ENTRY ELEMENTS (KOHA) | |
| Source of classification or shelving scheme | |
| Koha item type | Book |
| Withdrawn status | Lost status | Source of classification or shelving scheme | Damaged status | Not for loan | Home library | Current library | Shelving location | Date acquired | Total Checkouts | Full call number | Barcode | Date last seen | Date checked out | Price effective from | Koha item type |
|---|---|---|---|---|---|---|---|---|---|---|---|---|---|---|---|
| Riara University Library | Riara University Library | Leisure Reading | 06/11/2025 | 3 | PS3608.V47 2022 | 10808/25 | 15/04/2026 | 31/03/2026 | 06/11/2025 | Book |
